| 000 | 004530000a22001690004500 | ||
|---|---|---|---|
| 003 | MACL | ||
| 005 | 20160101125913.0 | ||
| 008 | 160101b xxu||||| |||| 00| 0 eng d | ||
| 040 |
_aMACL _cMACL |
||
| 041 | _aEnglish | ||
| 082 | _a338.9/CLA | ||
| 100 |
_aClairmonte, Frederick _926297 |
||
| 245 | _aEconomic Libralism and Underdevelopment | ||
| 260 |
_bAsia Publishing House _c1960 _aBombay |
||
| 650 |
_aProduction _926298 |
||
| 942 |
_cBK _k338.9/Cla _2ddc |
||
| 999 |
_c36292 _d36292 |
||